Možnosti spracovania programov pre robot DJ-10 : Diplomová práca

Saved in:
Bibliographic Details
Main Author: Salanič, Richard (Author)
Other Authors: Golian, Ivan (xxx)
Format: Manuscript Book
Language:Slovak
Published: Trnava : STU v Bratislave MtF KAIA, 1993
Subjects:
Tags: Add Tag
No Tags, Be the first to tag this record!

MARC

LEADER 00000ntm a22000003a 4500
001 stu73096
005 20160719155053.5
008 011220s1993----xo------------------slo-d
040 |a STU  |b slo 
041 0 |a slo 
044 |a xo 
100 1 |a Salanič, Richard  |4 aut 
245 1 |a Možnosti spracovania programov pre robot DJ-10 :  |b Diplomová práca 
260 |a Trnava :  |b STU v Bratislave MtF KAIA,  |c 1993 
300 |a 54 s  |c výťah 
650 7 |a Roboty programovateľné  |2 stusub 
650 7 |a CAD/CAM  |2 stusub 
650 7 |a Automatizácia a robototechnológia  |2 stusub 
700 1 |a Golian, Ivan  |4 xxx 
996 |b 284M033876  |c M*DP-1393  |l MMSKP  |s P  |a 0  |w stu73096_0001